| 000 | 00554nam a22001817a 4500 | ||
|---|---|---|---|
| 003 | BD-DhUL | ||
| 005 | 20190714155338.0 | ||
| 008 | 170821s1913 ii ||||| |||| 000 0 urd d | ||
| 040 |
_aBD-DhUL _cBD-DhUL |
||
| 082 |
_a891.431 _bHAG |
||
| 100 | 3 | _aحفیظ افیر۔ | |
| 245 | 0 | 0 |
_aگلدستۂ حفیظ اللہ خان / _cحفیظ افیر۔ |
| 246 | _aGuldistā-e Hafīzullaḥ Khān. | ||
| 260 |
_aلکھنو : _bمنشی نولکشور، _c۱۹۱۳۔ |
||
| 300 |
_aص۔ ۳۲۸ ؛ _c۲۵ سم۔ |
||
| 650 | 4 | _aUrdu poetry. | |
| 942 |
_2ddc _cBK |
||
| 999 |
_c248751 _d248751 |
||